Essentials of engineering economics (Record no. 5258)

000 -LEADER
fixed length control field 00549nam a2200205 a 4500
001 - CONTROL NUMBER
control field 5258
003 - CONTROL NUMBER IDENTIFIER
control field BD-DhUET
008 - FIXED-LENGTH DATA ELEMENTS--GENERAL INFORMATION
fixed length control field 810512s1982 nyua b 001 0 eng
020 ## - INTERNATIONAL STANDARD BOOK NUMBER
International Standard Book Number 0070528640
040 ## - CATALOGING SOURCE
Original cataloging agency DLC
Transcribing agency DLC
Modifying agency BD-DhUET
082 ## - DEWEY DECIMAL CLASSIFICATION NUMBER
Classification number 658.15
Item number RIG/1982
100 1# - MAIN ENTRY--PERSONAL NAME
Personal name Riggs, James L.
245 10 - TITLE STATEMENT
Title Essentials of engineering economics
Statement of responsibility, etc. by James L. Riggs
250 ## - EDITION STATEMENT
Edition statement 1st ed.
260 ## - PUBLICATION, DISTRIBUTION, ETC. (IMPRINT)
Place of publication, distribution, etc. New York
Name of publisher, distributor, etc. McGraw-Hill
Date of publication, distribution, etc. 1982
300 ## - PHYSICAL DESCRIPTION
Extent xv,557p.
Other physical details ill.
Dimensions 24 cm.
504 ## - BIBLIOGRAPHY, ETC. NOTE
Bibliography, etc Includes bibliographies
650 #0 - SUBJECT ADDED ENTRY--TOPICAL TERM
Topical term or geographic name as entry element Engineering economy
942 ## - ADDED ENTRY ELEMENTS (KOHA)
Koha item type General Book
Holdings
Date acquired Shelving location Price effective from Piece designation (barcode) Lost status Location (home branch) Sublocation or collection (holding branch) Withdrawn status Koha item type Copy number Koha normalized classification for sorting Koha full call number Damaged status Koha date last seen Not for loan Source of classification or shelving scheme
2014-11-25Circulation section2014-11-2570150 Central Library, BUETCentral Library, BUET General Book1658_000000000000000_15RIG1982658.15/RIG/1982 2014-11-25  
2014-11-25Circulation section2014-11-2570559 Central Library, BUETCentral Library, BUET General Book2658_000000000000000_15RIG1982658.15/RIG/1982 2014-11-25  
2014-11-25Circulation section2014-11-2570560 Central Library, BUETCentral Library, BUET General Book3658_000000000000000_15RIG1982658.15/RIG/1982 2014-11-25  
2014-11-25Circulation section2014-11-2570561 Central Library, BUETCentral Library, BUET General Book4658_000000000000000_15RIG1982658.15/RIG/1982 2014-11-25  
2014-11-25Circulation section2014-11-2570562 Central Library, BUETCentral Library, BUET General Book5658_000000000000000_15RIG1982658.15/RIG/1982 2014-11-25  
2014-11-25Circulation section2014-11-2570563 Central Library, BUETCentral Library, BUET General Book6658_000000000000000_15RIG1982658.15/RIG/1982 2014-11-25